01015nam a22003017a 45000010005000000030009000050050017000140070005000310080030000360200022000660400025000880820026001130920018001391000028001572400036001852450075002212600040002963000027003364900021003635900026003846500029004106500044004397000023004839100041005069420012005479520139005599990015006983574DO-SdBPM20250108075849.03574900123s1987 sp spa  a8440200439 (v. 2) aDO-SdBPMbspacBPMSU 4a843.8bV531J 1987222 a843.8bV531ca1 aVerne, Juliod1828-190513aLa maison à vapeurlEspañol10aJulio Verne : b La casa de vapor /cJulio Verne ; traducción E.M.A. aBarcelona: bEdiciones Orbis,c1987 av. : bil. ; c20 cm. 0 aJulio Verne,v48 aInventariado, 2025/VM 4aNovela juvenil francesa  4aLiteratura juvenil francesa ySiglo XIX1 aE. M.A.ctraductor a VMateo V. Control de calidad. BPMSU 2ddccBK 00102ddc40708CJ-GaBPMETbBPMETd2015-11-12eFUNDIl0oBPMSU CJG 843.8 V531J 1987pBPMSU15110226r2015-11-12tv.49w2015-11-12yBK c8676d8676